Ad Sacrosancta CONCILIA A Philippo Labbeo et Gabriele Cossartio Soc. Jesu Presbyteris Edita APPARATUS Alter, Quo quae continentur, sequens Syllabus indicat. Venetiis, MDCCXXVIII. Apud Jo: Baptistam Albrizzi Hieron. F. et Sebastianum Coleti. Cum Veneti Senatus Privilegio

Sparad:
Bibliografiska uppgifter
Huvudupphovsmän: Jacobo, Domingo (Författare, medförfattare), Delfino, Juan Antonio (Författare, medförfattare), Donato, Jerónimo (Författare, medförfattare)
Materialtyp: Bok
Språk:latin
Publicerad: Venecia Juan Bautista Albrizzi y Sebastian Coleti 1728
Upplaga:1a. ed
Ämnen:
Taggar: Lägg till en tagg
Inga taggar, Lägg till första taggen!

MARC

LEADER 00000nam a2200000 a 4500
001 UCJ8572
003 CL-VaPUC
008 070124e17280000IT |||||||||||||||||lat|d
082 0 4 |a 262  |b JAC  |2 21 
100 0 |a Jacobo, Domingo   |e author  |9 517400 
700 0 |a Delfino, Juan Antonio  |e author  |9 517401 
700 0 |a Donato, Jerónimo  |e author  |9 517402 
245 1 0 |a Ad Sacrosancta CONCILIA A Philippo Labbeo et Gabriele Cossartio Soc. Jesu Presbyteris Edita APPARATUS Alter, Quo quae continentur, sequens Syllabus indicat. Venetiis, MDCCXXVIII. Apud Jo: Baptistam Albrizzi Hieron. F. et Sebastianum Coleti. Cum Veneti Senatus Privilegio 
250 |a 1a. ed 
300 |a 746 p 
942 |c BK 
945 |d 20070124 00:00:00  |a rinostro 
260 |a Venecia  |b Juan Bautista Albrizzi y Sebastian Coleti  |c 1728 
500 |a Fol.- Perg.- Port.- v. en b.- Syllabus.- Timbre seco del Colegio del Salvador, Buenos Aires. Formato .40x.28 m 
650 0 |a Documentos pontificios   |9 255642 
650 7 |a DERECHO CANONICO  |2 CL-VaPUC  |9 517403 
650 7 |a LIBRO RARO  |2 CL-VaPUC  |9 504169 
650 7 |a EX LIBRIS  |2 CL-VaPUC  |9 505186 
583 |a last modification  |c 20070124 00:00:00  |k Rodrigo Vera 
999 |c 324244  |d 324242 
952 |0 0  |1 0  |4 0  |6 262_000000000000000_JAC_1728  |7 0  |8 X  |9 404219  |a FDOBUD  |b FDOBUD  |d 2019-11-22  |i 1079751  |o 262 JAC 1728  |p 1079751  |r 2019-11-22  |w 2019-11-22  |y BK_X  |k BUD